01222nam a2200313 a 450000500170000000800410001701000130005802000230007102000230009402000260011702000260014303500130016903500200018203700210020204000170022308200060024010000230024624500770026926000340034627000410038030000320042152001400045365000130059365100220060670000190062885600970064785600750074485600890081920070123135723.0000601r20011996nyua c 000 1 eng  aB-358957 a0440867738c232.00 a0440867738c220.00 a9780440867739c232.00 a9780440867739c220.00 aB-358957 aB-335992-336005 bBlueberry Books  adplbEnglish aS aWilson, Jacqueline aThe suitcase kid /cby Jacqueline Wilson; illustrations by Nick Sharratt aLondonbCorgi Yearling c2006 a61-63 Uxbridge Road, bLondon W5 5SA a154 p. :bill. c20cm(pbk)  aTen-year-old Mandy must endure torment from three nasty bullies in school, but she finds solace in a new friendship with an older girl. vFiction. aEnglandvFiction. aSharratt, Nick 3Contributor biographical informationuhttp://www.loc.gov/catdir/bios/random052/00043072.html 3Sample textuhttp://www.loc.gov/catdir/samples/random041/00043072.html 3Publisher descriptionuhttp://www.loc.gov/catdir/description/random043/00043072.html